000 00294nam a2200097Ia 4500
008 220216s9999 xx 000 0 und d
245 0 _aPlanting recommendation in the IRRDB member countries (1999-2005)
260 _bIRRDB Annual Report 2001, pp.20-27
650 _aPlanting material
942 _cJS
999 _c65169
_d65169